| 000 | 00417nam a2200169Ia 4500 | ||
|---|---|---|---|
| 005 | 20250508162310.0 | ||
| 008 | 008 250505s9999 xx 000 0 eng d | ||
| 037 | _aTextual | ||
| 040 |
_aFEDL _beng _cFEDL |
||
| 041 |
_aeng _2eng |
||
| 084 |
_a613, UNI _qFEDL |
||
| 245 | 0 | _aHealth and basic services | |
| 245 | 0 | _cUNICEF | |
| 300 | _a154p. | ||
| 942 |
_cTEXL _h613, UNI |
||
| 999 |
_c1375682 _d1375682 |
||